Les joueurs avec le plus de trophées d'homme du match chaque saison. - Statistiques

Statistiques générales
  • Ce quiz a été pris 247 fois
  • Le résultat moyen est 12 sur 14
Statistiques - réponses
Trophées
HDM
Réponse Saison % Correct
17 Lionel Messi 22/23
100%
24 Lionel Messi 20/21
100%
26 Lionel Messi 19/20
100%
24 Lionel Messi 18/19
100%
28 Lionel Messi 17/18
100%
18 Lionel Messi 16/17
100%
34 Lionel Messi 14/15
100%
18 Lionel Messi 13/14
100%
24 Lionel Messi 12/13
100%
32 Lionel Messi 11/12
100%
29 Lionel Messi 10/11
100%
18 Lionel Messi 09/10
100%
16 Zlatan Ibrahimovic 15/16
19%
14 Christopher Nkunku 21/22
6%
Aucun quiz correspondant
Distribution des résultats
% des personnes avec chaque résultat
Percentile par nombre de réponses
Votre historique - résultats
Vous n’avez pas pris ce quiz